| 000 | 00000nam##2200000za#4500 |
| 001 | 9.644136 |
| 003 | CaOODSP |
| 005 | 20240710082140 |
| 007 | cr ||||||||||| |
| 008 | 150407|2014||||xxc|||||o f|0| 0 fre|d |
| 040 | |aCaOODSP|bfre |
| 043 | |an-cn--- |
| 086 | 1 |aMR21-169/2014F-PDF |
| 110 | 2 |aInstituts de recherche en santé du Canada. |
| 245 | 10|aGuide d'évaluation par les pairs pour les bourses de formation et d'appui salarial des IRSC |h[ressource électronique] |
| 260 | |aOttawa - Ontario : |bInstituts de recherche en santé du Canada |cDécembre 2014. |
| 300 | |a10p. |
| 590 | |a15-03|b2015-01-16 |
| 775 | 08|tCIHR peer review guide for training and salary awards |w(CaOODSP)9.700242 |
| 856 | 40|ahttp://publications.gc.ca|qPDF|s311 Ko|uhttps://publications.gc.ca/collections/collection_2015/irsc-cihr/MR21-169-2014-fra.pdf |